000 01242nam a2200265Ia 4500
003 OSt
005 20221005103928.0
006 a|||||r|||| 00| 0
007 ta
008 221004b |||||||| |||| 00| 0 hin d
020 _a8179170624 (hbk)
_c450
024 _a26148
037 _b19, 17/03/2016, P. K. Books
_cTextual
040 _aCRL
_cCRL
_bhin
041 _2hin
_ahin
082 _aX:3260a4, 152P6
100 _aमैक्चेस्नी, रॉबर्ट डब्ल्यू ., संपा.
_9623714
245 0 _aपूंजीवाद और सूचना का युग
_b भूमंडलीय संचार क्रांति की राजनीतिक अर्थव्यवस्था
246 _aPūanjīvād aur sūchanā kā yuga: bhūmanḍalīya sanchār krāanti kī rājanītik arthavyavasthā
260 _aदिल्ली
_bगं्रथ शिल्पी भारत
_c2006
300 _a265पृ0
_ccm.
650 _aअर्थशास्त्र
942 _hX:3260a4, 152P6
_cTEXL
_2cc
999 _c1011307
_d1011307